LIBRARY & INFORMATION CENTRE, KCAET, TAVANUR

ONLINE PUBLIC ACCESS CATALOGUE (OPAC)

New Shorter Oxford English Dictionary | Volume1 N-Z (Record no. 19332)

MARC details
000 -LEADER
fixed length control field 00437nam a22001697a 4500
003 - CONTROL NUMBER IDENTIFIER
control field OSt
008 - FIXED-LENGTH DATA ELEMENTS--GENERAL INFORMATION
fixed length control field 250207b |||||||| |||| 00| 0 eng d
020 ## - INTERNATIONAL STANDARD BOOK NUMBER
ISBN 9 780198 611349
041 ## - LANGUAGE CODE
Language code of text/sound track or separate title eng
082 ## - DEWEY DECIMAL CLASSIFICATION NUMBER
Classification number 028.73 423
Item number BRO/NE
100 ## - MAIN ENTRY--AUTHOR NAME
Personal name Brown, Lesley
245 ## - TITLE STATEMENT
Title New Shorter Oxford English Dictionary
Remainder of title Volume1 N-Z
250 ## - EDITION STATEMENT
Edition statement 3rd Reprint
260 ## - PUBLICATION, DISTRIBUTION, ETC. (IMPRINT)
Place of publication New York:
Name of publisher Clarendon Press,
Year of publication 1993.
300 ## - PHYSICAL DESCRIPTION
Number of Pages 1876P.
942 ## - ADDED ENTRY ELEMENTS (KOHA)
Koha item type Books
Holdings
Withdrawn status Lost status Damaged status Home library Current library Date acquired Cost, normal purchase price Full call number Accession Number Koha item type
      KAUAET KAUAET 07/02/2025 1100.00 028.73 423 BRO/NE 18523 Books
free website counter